[Event "V Open FIDE"]
[Site "Forli' ITA"]
[Date "1992.09.??"]
[Round "4"]
[White "Fries-Nielsen, Jens Ove"]
[Black "Conquest, Stuart C."]
[WhiteElo "2385"]
[BlackElo "2495"]
[Result "1-0"]
[PlyCount "85"]
[EventDate "1992.09.12"]

1. d4 e6 2. e4 d5 3. e5 c5 4. c3 Nc6 5. Nf3 Bd7 6. g3 Nh6 7. Bh3 b6 8. O-O Be7
9. Na3 O-O 10. Nc2 Kh8 11. Bxh6 gxh6 12. Ne3 Rc8 13. Re1 cxd4 14. cxd4 a5 15.
a3 a4 16. Rc1 b5 17. Bf1 Rb8 18. Bd3 Rg8 19. Bb1 Rg7 20. Ng2 b4 21. Qd3 Na5 22.
Nd2 Bb5 23. Qe3 Qf8 24. axb4 Bxb4 25. Red1 Bxd2 26. Qxd2 Nb3 27. Qxh6 Be2 28.
Re1 Nxc1 29. Qxc1 Bh5 30. Nf4 Bg6 31. Bxg6 hxg6 32. Nd3 Qd8 33. Nc5 Ra8 34. Re3
Qg5 35. h4 Qg4 36. Qd2 Rh7 37. Nd7 Rxh4 38. Nf6 Qg5 39. f4 Rxf4 40. Qh2+ Kg7
41. Qh7+ Kf8 42. Qg8+ Ke7 43. Qxa8 1-0

[Event "V Open FIDE"]
[Site "Forli' ITA"]
[Date "1992.09.??"]
[Round "4"]
[White "Kievelitz, Bernd"]
[Black "Aurel, Luc"]
[WhiteElo "2265"]
[BlackElo "2225"]
[Result "1/2-1/2"]
[PlyCount "103"]
[EventDate "1992.09.12"]

1. Nf3 g6 2. e4 Bg7 3. d4 d6 4. c4 Nd7 5. Nc3 e5 6. Be2 a5 7. O-O Ne7 8. dxe5
dxe5 9. Nd5 c6 10. Nxe7 Qxe7 11. Be3 O-O 12. Qc2 Nc5 13. Nd2 Ne6 14. c5 Nd4 15.
Bxd4 exd4 16. a3 f5 17. Bd3 fxe4 18. Nxe4 Bf5 19. Nd6 Bxd3 20. Qxd3 Qe6 21. b4
axb4 22. axb4 Rxa1 23. Rxa1 b6 24. Rd1 bxc5 25. bxc5 Qd5 26. Ne4 Rb8 27. f3 h6
28. Qa6 Qb3 29. Qd3 Qa2 30. Rd2 Qa4 31. Ng3 Kf7 32. h4 Qb5 33. h5 Qxd3 34. Rxd3
Rb5 35. hxg6+ Kxg6 36. Ne4 Rb1+ 37. Kf2 Kf5 38. g4+ Ke5 39. Nd6 Kd5 40. Nf5 Bf6
41. Nxh6 Kc4 42. Ra3 d3 43. Nf5 Bd4+ 44. Ne3+ Bxe3+ 45. Kxe3 Re1+ 46. Kd2 Re2+
47. Kd1 Rf2 48. f4 Kxc5 49. Rxd3 Rxf4 50. Rg3 Kd4 51. g5 Rf8 52. g6 1/2-1/2

[Event "V Open FIDE"]
[Site "Forli' ITA"]
[Date "1992.09.??"]
[Round "4"]
[White "Mauro, Alan"]
[Black "Scotto, Marco"]
[WhiteElo "2230"]
[BlackElo "2290"]
[Result "1-0"]
[PlyCount "81"]
[EventDate "1992.09.12"]

1. d4 d5 2. Nf3 Nf6 3. e3 Bf5 4. b3 e6 5. Bb2 Nbd7 6. Nbd2 Be7 7. Be2 O-O 8.
O-O h6 9. c4 c6 10. a3 a5 11. c5 Qc7 12. b4 b6 13. Qb3 bxc5 14. dxc5 axb4 15.
axb4 Rfb8 16. Qc3 Rxa1 17. Rxa1 Qb7 18. Ba3 Ng4 19. Nd4 Qc7 20. Bxg4 Bxg4 21.
h3 Bh5 22. N2b3 e5 23. Nf5 Bf6 24. Rc1 Bg6 25. Nd6 e4 26. Nd4 Ne5 27. Qc2 Nd3
28. Rb1 Ra8 29. Bc1 Qd7 30. b5 cxb5 31. N4xb5 Ra6 32. Ba3 Bh4 33. Rf1 Ne5 34.
Bb2 Nf3+ 35. Kh1 Ng5 36. Kh2 Bh5 37. Be5 Bf3 38. Rh1 f6 39. Bg3 Bxg2 40. Kxg2
Ra8 41. c6 1-0

[Event "V Open FIDE"]
[Site "Forli' ITA"]
[Date "1992.09.??"]
[Round "4"]
[White "Nemet, Ivan"]
[Black "Andrienko, Anatoly"]
[WhiteElo "2400"]
[BlackElo "2230"]
[Result "1-0"]
[PlyCount "91"]
[EventDate "1992.09.12"]

1. d4 Nf6 2. c4 c5 3. d5 b5 4. cxb5 a6 5. b6 Qxb6 6. Nc3 g6 7. e4 d6 8. a4 Bg7
9. a5 Qb4 10. Ra4 Qb7 11. Bc4 O-O 12. Nge2 Bd7 13. Ra3 Bb5 14. b3 Nbd7 15. f4
Ne8 16. O-O Nc7 17. Qd3 Nf6 18. Na4 e6 19. Nb6 exd5 20. exd5 Rae8 21. Nc3 Ng4
22. Nd1 Bd4+ 23. Kh1 f5 24. Ra2 Kg7 25. Bb2 Re4 26. Nc3 Re3 27. Qd2 Kg8 28.
Nxb5 axb5 29. Bxd4 cxd4 30. Be2 Nf6 31. Qxd4 Rxb3 32. Bf3 Na6 33. Rb2 Rxb2 34.
Qxb2 b4 35. h3 Qe7 36. Qe2 Qb7 37. Qe6+ Kg7 38. Qxd6 b3 39. Re1 Rf7 40. Qe5 Nc5
41. d6 Nce4 42. Bxe4 fxe4 43. d7 Rxd7 44. Nxd7 Qxd7 45. Rxe4 Qc6 46. Rb4 1-0

[Event "V Open FIDE"]
[Site "Forli' ITA"]
[Date "1992.09.??"]
[Round "4"]
[White "Palac, Mladen"]
[Black "Lagrotteria, Salvatore"]
[WhiteElo "2505"]
[BlackElo "2250"]
[Result "1-0"]
[PlyCount "59"]
[EventDate "1992.09.12"]

1. e4 c5 2. Nf3 d6 3. d4 cxd4 4. Nxd4 Nf6 5. Nc3 g6 6. Be3 Bg7 7. f3 O-O 8. Qd2
Nc6 9. Bc4 Bd7 10. O-O-O Ne5 11. Bb3 Rc8 12. h4 h5 13. Bg5 Rc5 14. Kb1 b5 15.
g4 Nc4 16. Bxc4 bxc4 17. gxh5 Qb6 18. Bxf6 Rb8 19. b3 Bxf6 20. Nd5 Rxd5 21.
exd5 Qc5 22. hxg6 cxb3 23. axb3 Qa3 24. Qc1 Qc5 25. Qh6 Bg7 26. Qh7+ Kf8 27.
gxf7 Kxf7 28. Rhg1 Rg8 29. Qg6+ Kf8 30. Ne6+ 1-0

[Event "V Open FIDE"]
[Site "Forli' ITA"]
[Date "1992.09.??"]
[Round "4"]
[White "Pieri, Filippo"]
[Black "Brancaleoni, Maurizio"]
[WhiteElo "2235"]
[BlackElo "2004"]
[Result "1-0"]
[PlyCount "41"]
[EventDate "1992.09.12"]

1. e4 e5 2. Nf3 Nc6 3. d4 exd4 4. Bc4 Nf6 5. O-O Nxe4 6. Re1 d5 7. Bxd5 Qxd5 8.
Nc3 Qa5 9. Nxe4 Be6 10. Bd2 Qf5 11. Bg5 h6 12. Bh4 Qd5 13. Bf6 Qd7 14. a3 Rg8
15. Qd3 Be7 16. Bxe7 Qxe7 17. Qb5 Qd7 18. Nc5 Qc8 19. Nxb7 Qd7 20. Nc5 Rb8 21.
Qxb8+ 1-0

[Event "V Open FIDE"]
[Site "Forli' ITA"]
[Date "1992.09.??"]
[Round "4"]
[White "Vezzani, Stefano"]
[Black "Mileto, Gabriele"]
[WhiteElo "2061"]
[BlackElo "2240"]
[Result "1/2-1/2"]
[PlyCount "52"]
[EventDate "1992.09.12"]

1. f4 g6 2. Nf3 Bg7 3. e3 c5 4. c3 Nf6 5. d4 b6 6. b3 O-O 7. Bb2 Bb7 8. Bd3 d6
9. O-O Nbd7 10. f5 Be4 11. Bxe4 Nxe4 12. fxg6 hxg6 13. Qd3 Ndf6 14. Nbd2 Nxd2
15. Nxd2 cxd4 16. exd4 d5 17. Rae1 Qd6 18. Qh3 Nh5 19. Nb1 Rfe8 20. Ba3 Qc7 21.
Qf3 e6 22. Nd2 Rac8 23. g4 Nf6 24. Bb2 Red8 25. h4 Ne8 26. Re2 Nd6 1/2-1/2

[Event "V Open FIDE"]
[Site "Forli' ITA"]
[Date "1992.09.??"]
[Round "4"]
[White "Vezzosi, Paolo"]
[Black "Bartolini, Tommaso"]
[WhiteElo "2325"]
[BlackElo "1902"]
[Result "1-0"]
[PlyCount "113"]
[EventDate "1992.09.12"]

1. d4 Nf6 2. Nf3 g6 3. c4 Bg7 4. Nc3 d5 5. Bg5 Ne4 6. cxd5 Nxg5 7. Nxg5 O-O 8.
Nf3 c6 9. dxc6 Nxc6 10. e3 Bg4 11. Be2 Qb6 12. Qb3 e5 13. Qxb6 axb6 14. Nxe5
Nxe5 15. dxe5 Bxe2 16. Kxe2 Bxe5 17. Rhc1 b5 18. a3 h5 19. f4 Bxc3 20. Rxc3
Rfd8 21. Rd1 Re8 22. Rb3 Ra4 23. Rxb5 Rxf4 24. Rxb7 Rg4 25. Kf3 Rge4 26. Rd3 g5
27. Rb5 f6 28. Rb7 g4+ 29. Kf2 h4 30. Rbd7 f5 31. g3 h3 32. R7d5 Rc4 33. Rc3
Rxc3 34. bxc3 Rb8 35. Rd2 Rb3 36. Rc2 Rxa3 37. e4 fxe4 38. Ke3 Ra1 39. Kxe4 Rg1
40. Rf2 Kh7 41. Kf4 Rg2 42. Ke3 Rg1 43. Rc2 Kg6 44. c4 Kf6 45. c5 Ke7 46. c6
Kd8 47. c7+ Kc8 48. Kf4 Rg2 49. Rc1 Rxh2 50. Kxg4 Re2 51. Kxh3 Re7 52. g4 Rh7+
53. Kg3 Rxc7 54. Rxc7+ Kxc7 55. Kf4 Kd6 56. Kf5 Ke7 57. Kg6 1-0

[Event "V Open FIDE"]
[Site "Forli' ITA"]
[Date "1992.09.??"]
[Round "4"]
[White "Wagman, Stuart"]
[Black "Manca, Federico"]
[WhiteElo "2215"]
[BlackElo "2390"]
[Result "1/2-1/2"]
[PlyCount "33"]
[EventDate "1992.09.12"]

1. e4 d6 2. d4 Nf6 3. Nc3 g6 4. Nf3 Bg7 5. Be2 O-O 6. O-O Bg4 7. Be3 Nc6 8. Qd2
e5 9. dxe5 dxe5 10. Rad1 Qc8 11. Qc1 Rd8 12. Rxd8+ Qxd8 13. Rd1 Qf8 14. h3 Bxf3
15. Bxf3 Rd8 16. Rxd8 Qxd8 17. Qd1 1/2-1/2

[Event "V Open FIDE"]
[Site "Forli' ITA"]
[Date "1992.09.??"]
[Round "5"]
[White "Andrienko, Anatoly"]
[Black "Arduman, Can"]
[WhiteElo "2230"]
[BlackElo "2405"]
[Result "1-0"]
[PlyCount "47"]
[EventDate "1992.09.12"]

1. e4 d6 2. d4 Nf6 3. Nc3 g6 4. f3 c6 5. Be3 b5 6. Qd2 Qa5 7. h4 h5 8. Nh3 a6
9. Ng5 Nbd7 10. Be2 Bg7 11. O-O Qc7 12. a4 b4 13. Nd1 a5 14. c3 bxc3 15. Nxc3
Nb6 16. d5 cxd5 17. Rac1 Qb8 18. Qd4 Nbd7 19. Nxd5 e5 20. Nxf6+ Nxf6 21. Rxc8+
Qxc8 22. Qxd6 Nd7 23. Bb5 Qb7 24. Rd1 1-0

[Event "V Open FIDE"]
[Site "Forli' ITA"]
[Date "1992.09.??"]
[Round "5"]
[White "Aurel, Luc"]
[Black "Vezzani, Stefano"]
[WhiteElo "2225"]
[BlackElo "2061"]
[Result "0-1"]
[PlyCount "52"]
[EventDate "1992.09.12"]

1. c4 f5 2. g3 Nf6 3. d4 e6 4. Nc3 d5 5. Nf3 c6 6. Bg2 Bd6 7. Bf4 Bxf4 8. gxf4
O-O 9. cxd5 cxd5 10. e3 Nc6 11. Ne5 Bd7 12. O-O Be8 13. Bf3 Kh8 14. Kh1 Ne4 15.
Nxe4 dxe4 16. Be2 g5 17. fxg5 Nxe5 18. dxe5 Qxg5 19. Rg1 Qh6 20. Qb3 Bc6 21.
Bb5 Bd5 22. Bc4 Qh5 23. Bxd5 Qf3+ 24. Rg2 Rg8 25. Rag1 Rxg2 26. Rxg2 Rg8 0-1

[Event "V Open FIDE"]
[Site "Forli' ITA"]
[Date "1992.09.??"]
[Round "5"]
[White "Bartolini, Tommaso"]
[Black "Kievelitz, Bernd"]
[WhiteElo "1902"]
[BlackElo "2265"]
[Result "1/2-1/2"]
[PlyCount "112"]
[EventDate "1992.09.12"]

1. d4 Nf6 2. c4 e6 3. Nc3 Bb4 4. Bg5 h6 5. Bh4 c5 6. d5 Bxc3+ 7. bxc3 d6 8. e3
e5 9. f3 Nbd7 10. Qc2 Qe7 11. Bd3 g5 12. Bg3 h5 13. h4 g4 14. Ne2 Kd8 15. e4
Kc7 16. Rf1 gxf3 17. gxf3 Nb6 18. O-O-O Rg8 19. Qd2 Bd7 20. Rg1 Rg6 21. Bf2
Rag8 22. Ng3 Qf8 23. Be2 Qh6 24. Qxh6 Rxh6 25. Nf5 Rhg6 26. Ne3 Nc8 27. Bd3 Ne7
28. Kd2 Rxg1 29. Rxg1 Rxg1 30. Bxg1 Ng6 31. Bf2 Nh7 32. Bg3 Nhf8 33. Nc2 Bh3
34. Ke3 Kd7 35. Be2 f5 36. f4 exf4+ 37. Bxf4 Nxh4 38. Bxh5 fxe4 39. Bg5 Nfg6
40. Bxh4 Nxh4 41. Kf4 Nf5 42. Bg6 Ne7 43. Bxe4 Bf1 44. Ne3 Be2 45. Kg5 Nc8 46.
Bf5+ Kc7 47. Bxc8 Kxc8 48. Kf6 Kd7 49. Kf7 Bh5+ 50. Kg7 Be2 51. Kf6 a6 52. a4
a5 53. Kf7 Bd3 54. Kf6 Bb1 55. Nd1 Bc2 56. Nb2 Bb3 1/2-1/2

[Event "V Open FIDE"]
[Site "Forli' ITA"]
[Date "1992.09.??"]
[Round "5"]
[White "Belotti, Bruno"]
[Black "Mantovani, Renzo"]
[WhiteElo "2405"]
[BlackElo "2340"]
[Result "1/2-1/2"]
[PlyCount "28"]
[EventDate "1992.09.12"]

1. d4 d5 2. c4 e6 3. Nc3 Nf6 4. cxd5 exd5 5. Bg5 Nbd7 6. e3 c6 7. Bd3 Be7 8.
Qc2 O-O 9. Nf3 Re8 10. O-O Nf8 11. Rab1 a5 12. a3 g6 13. b4 axb4 14. axb4 Ne6
1/2-1/2

[Event "V Open FIDE"]
[Site "Forli' ITA"]
[Date "1992.09.??"]
[Round "5"]
[White "Brancaleoni, Maurizio"]
[Black "Bezzi, Massimo"]
[WhiteElo "2004"]
[BlackElo "1900"]
[Result "1-0"]
[PlyCount "133"]
[EventDate "1992.09.12"]

1. d4 f5 2. Nf3 Nf6 3. g3 e6 4. Bg2 Be7 5. O-O O-O 6. c4 d6 7. Nc3 a5 8. Re1
Ne4 9. Qc2 d5 10. e3 c6 11. Nxe4 fxe4 12. Nd2 Nd7 13. f3 exf3 14. Nxf3 Nf6 15.
b3 Bd6 16. Bb2 Bd7 17. Rf1 Ng4 18. Qe2 Qe7 19. e4 e5 20. exd5 e4 21. Ne5 Bxe5
22. dxe5 Qc5+ 23. Kh1 Nf2+ 24. Rxf2 Rxf2 25. Ba3 Qd4 26. Qe1 Qxe5 27. Bxe4 Re2
28. Qxe2 Qxa1+ 29. Kg2 Re8 30. Qf2 Qe5 31. Bf3 Qe3 32. Bc5 Qc1 33. Bb6 Re1 34.
Bxa5 Rg1+ 35. Qxg1 Bh3+ 36. Kf2 Qb2+ 37. Ke1 Qe5+ 38. Be2 Qa1+ 39. Bd1 Bg4 40.
Kd2 Qxa2+ 41. Ke3 Bxd1 42. Qxd1 Qxa5 43. d6 Qe5+ 44. Kf2 Qf5+ 45. Kg1 Qd7 46.
c5 h6 47. Qd3 Kf8 48. Qf3+ Ke8 49. Kf2 Qh3 50. Qe2+ Kf8 51. Ke1 Qd7 52. Kd2 Qf7
53. Kc3 Qf6+ 54. Kb4 Qd4+ 55. Qc4 Qd2+ 56. Qc3 Qe2 57. Qc4 Qd2+ 58. Ka3 Qd1 59.
Kb2 Qd2+ 60. Qc2 Qd4+ 61. Ka2 Qd5 62. Qc1 Qg2+ 63. Ka3 Qd5 64. Qf4+ Ke8 65.
Qe3+ Kf8 66. Qe7+ Kg8 67. d7 1-0

[Event "V Open FIDE"]
[Site "Forli' ITA"]
[Date "1992.09.??"]
[Round "5"]
[White "Caposciutti, Maurizio"]
[Black "Godena, Michele"]
[WhiteElo "2305"]
[BlackElo "2435"]
[Result "1/2-1/2"]
[PlyCount "35"]
[EventDate "1992.09.12"]

1. e4 e5 2. Bc4 Nf6 3. d3 c6 4. Nf3 d6 5. O-O Nbd7 6. Re1 Be7 7. c3 O-O 8. Bb3
Qc7 9. d4 b5 10. Nbd2 Bb7 11. Nf1 c5 12. Ng3 Rfe8 13. Ng5 c4 14. Bc2 h6 15. Nh3
d5 16. exd5 exd4 17. Qxd4 Bc5 18. Bf4 1/2-1/2

[Event "V Open FIDE"]
[Site "Forli' ITA"]
[Date "1992.09.??"]
[Round "5"]
[White "Conquest, Stuart C."]
[Black "Mauro, Alan"]
[WhiteElo "2495"]
[BlackElo "2230"]
[Result "1-0"]
[PlyCount "75"]
[EventDate "1992.09.12"]

1. e4 c5 2. Nf3 d6 3. d4 cxd4 4. Nxd4 Nf6 5. Nc3 g6 6. Be3 Bg7 7. f3 O-O 8. Bc4
Nc6 9. Qd2 a5 10. a4 Nxd4 11. Bxd4 Be6 12. Bxe6 fxe6 13. O-O-O Nd7 14. Bxg7
Kxg7 15. h4 h6 16. f4 h5 17. g4 Nf6 18. gxh5 Nxh5 19. Rhf1 Qc8 20. f5 exf5 21.
Qg5 Qe6 22. exf5 Qf6 23. Qg2 Kg8 24. Nd5 Qg7 25. Qxg6 Qxg6 26. Nxe7+ Kg7 27.
Nxg6 Rf6 28. Ne7 Rf7 29. Nd5 Re8 30. Rg1+ Kf8 31. Rg5 Nf6 32. Nf4 Ne4 33. Ne6+
Ke7 34. Re1 d5 35. Nc7 Rd8 36. Nxd5+ Rxd5 37. Rxe4+ Kd7 38. f6 1-0

[Event "V Open FIDE"]
[Site "Forli' ITA"]
[Date "1992.09.??"]
[Round "5"]
[White "Lagrotteria, Salvatore"]
[Black "Drei, Andrea"]
[WhiteElo "2250"]
[BlackElo "2280"]
[Result "1/2-1/2"]
[PlyCount "104"]
[EventDate "1992.09.12"]

1. Nf3 Nf6 2. g3 g6 3. Bg2 Bg7 4. O-O O-O 5. d3 c5 6. e4 Nc6 7. Nbd2 d5 8. c3
Qc7 9. Qe2 e6 10. Re1 b6 11. Nf1 Ba6 12. e5 Nd7 13. Bf4 Rae8 14. h4 Qd8 15. Qd2
f6 16. d4 cxd4 17. cxd4 fxe5 18. dxe5 Nc5 19. N1h2 Nd3 20. Bg5 Qb8 21. Ng4 Nxe1
22. Rxe1 Rxf3 23. Bxf3 Nxe5 24. Nxe5 Bxe5 25. Qe3 Bxb2 26. Bxd5 Qd6 27. Bxe6+
Kh8 28. Qc1 Bd4 29. Bf4 Qc5 30. Qd2 Qc3 31. Qxc3 Bxc3 32. Rc1 Bb2 33. Rc2 Bd4
34. Bd5 Bc5 35. Bg5 Kg7 36. Bf3 h6 37. Bf4 Re1+ 38. Kg2 Bf1+ 39. Kh2 Bd3 40.
Rd2 Bb5 41. g4 Be7 42. Rd5 Be8 43. Bd2 Re6 44. Kg3 Bc6 45. Rd3 Bxf3 46. Rxf3
Bd6+ 47. Bf4 Bxf4+ 48. Rxf4 Re2 49. a4 Ra2 50. Rc4 a5 51. Rc7+ Kf8 52. Rc6 Kf7
1/2-1/2

[Event "V Open FIDE"]
[Site "Forli' ITA"]
[Date "1992.09.??"]
[Round "5"]
[White "Lagumina, Giulio"]
[Black "Palac, Mladen"]
[WhiteElo "2250"]
[BlackElo "2505"]
[Result "0-1"]
[PlyCount "52"]
[EventDate "1992.09.12"]

1. e4 c5 2. Nf3 d6 3. d4 cxd4 4. Nxd4 Nf6 5. Nc3 a6 6. f4 e6 7. Qf3 Qc7 8. g4
b5 9. g5 Nfd7 10. a3 Nc6 11. Be3 Bb7 12. Bd3 g6 13. O-O Bg7 14. Nde2 b4 15.
axb4 Nxb4 16. Qh3 O-O 17. f5 exf5 18. exf5 Rfe8 19. Nf4 Ne5 20. Ne4 Qc6 21.
Rac1 d5 22. Nd2 Nc4 23. Nxc4 dxc4 24. Be2 Rxe3 25. Qxe3 Re8 26. Qd2 Rxe2 0-1

[Event "V Open FIDE"]
[Site "Forli' ITA"]
[Date "1992.09.??"]
[Round "5"]
[White "Manca, Federico"]
[Black "Tocchioni, Doriano"]
[WhiteElo "2390"]
[BlackElo "2240"]
[Result "1-0"]
[PlyCount "47"]
[EventDate "1992.09.12"]

1. e4 c5 2. c3 d5 3. exd5 Qxd5 4. d4 Nc6 5. Nf3 Bg4 6. Be2 cxd4 7. cxd4 e6 8.
O-O Nf6 9. Nc3 Qa5 10. h3 Bh5 11. Bf4 Rd8 12. Qb3 Rd7 13. g4 Bg6 14. Bb5 Bd6
15. d5 exd5 16. Rfe1+ Ne4 17. Qxd5 Kd8 18. Rad1 Nf6 19. Qxd6 Rxd6 20. Rxd6+ Kc8
21. Bxc6 bxc6 22. Re7 Qb4 23. Nd4 c5 24. Rd8+ 1-0

[Event "V Open FIDE"]
[Site "Forli' ITA"]
[Date "1992.09.??"]
[Round "5"]
[White "Mileto, Gabriele"]
[Black "Delanoy, Arnaud"]
[WhiteElo "2240"]
[BlackElo "2215"]
[Result "1/2-1/2"]
[PlyCount "22"]
[EventDate "1992.09.12"]

1. d4 d5 2. c4 e6 3. Nf3 Nf6 4. g3 Bb4+ 5. Bd2 a5 6. Qc2 Nc6 7. Bg2 dxc4 8.
Qxc4 Qd5 9. Qxd5 exd5 10. Nc3 Bf5 11. O-O-O Bxc3 1/2-1/2

[Event "V Open FIDE"]
[Site "Forli' ITA"]
[Date "1992.09.??"]
[Round "5"]
[White "Nemet, Ivan"]
[Black "Giorgadze, Giorgi"]
[WhiteElo "2400"]
[BlackElo "2525"]
[Result "1/2-1/2"]
[PlyCount "77"]
[EventDate "1992.09.12"]

1. d4 d5 2. c4 e6 3. Nf3 Nf6 4. cxd5 exd5 5. Nc3 Bb4 6. Bg5 Nbd7 7. e3 c5 8.
Bd3 c4 9. Bf5 Qa5 10. Qc2 O-O 11. O-O Re8 12. Nd2 g6 13. Bxd7 Nxd7 14. Rae1 Nb6
15. f3 Bd7 16. h4 Bf8 17. e4 Bg7 18. Be3 Rad8 19. Ndb1 dxe4 20. fxe4 f5 21. e5
Be6 22. h5 Nd5 23. Nxd5 Qxd5 24. Nc3 Qc6 25. Rf3 Bf7 26. hxg6 hxg6 27. Qf2 b5
28. a3 a5 29. a4 b4 30. Nb5 Bd5 31. Rg3 Be4 32. Bg5 Rd7 33. Qf4 Re6 34. Qh4 Qb6
35. Be3 Qd8 36. Bg5 Qb6 37. Be3 Qd8 38. Bg5 Qb6 39. Be3 1/2-1/2

[Event "V Open FIDE"]
[Site "Forli' ITA"]
[Date "1992.09.??"]
[Round "5"]
[White "Pamuk, Murat"]
[Black "Caruso, Augusto"]
[WhiteElo "2220"]
[BlackElo "2235"]
[Result "0-1"]
[PlyCount "78"]
[EventDate "1992.09.12"]

1. e4 e5 2. Nf3 Nc6 3. Nc3 Nf6 4. d4 exd4 5. Nxd4 Bc5 6. Nxc6 bxc6 7. Bd3 d5 8.
exd5 cxd5 9. O-O O-O 10. Bg5 Bd6 11. h3 h6 12. Bh4 c6 13. Qf3 Be5 14. Bg3 Bxg3
15. Qxg3 Be6 16. Na4 Qa5 17. b3 c5 18. Qf4 Bd7 19. Nb2 Qc3 20. Na4 Qa5 21. Nb2
Qc3 22. Na4 Bxa4 23. Qxa4 Rfe8 24. Rfd1 g6 25. Rac1 Re5 26. Qf4 Kg7 27. Qd2 Qb2
28. c3 Qa3 29. Bb1 Rae8 30. Re1 Rxe1+ 31. Rxe1 Rxe1+ 32. Qxe1 Qb2 33. b4 d4 34.
bxc5 dxc3 35. Qd1 Qb5 36. Bd3 Qxc5 37. Qb3 a5 38. g3 Nd5 39. Bc4 a4 0-1

[Event "V Open FIDE"]
[Site "Forli' ITA"]
[Date "1992.09.??"]
[Round "5"]
[White "Rashkovsky, Nukhim N."]
[Black "Fedorov, Vladislav"]
[WhiteElo "2530"]
[BlackElo "2405"]
[Result "1/2-1/2"]
[PlyCount "54"]
[EventDate "1992.09.12"]

1. d4 Nf6 2. Nf3 g6 3. g3 Bg7 4. Bg2 O-O 5. O-O d6 6. a4 c6 7. Nc3 Nbd7 8. a5
Qc7 9. e4 e5 10. h3 Rb8 11. Be3 b5 12. axb6 axb6 13. d5 Bb7 14. Nd2 b5 15. dxc6
Bxc6 16. Ra7 Rb7 17. Rxb7 Qxb7 18. Nb3 b4 19. Nd5 Nxd5 20. exd5 Bb5 21. Re1 Ra8
22. Qg4 Ra4 23. Qh4 Qc7 24. Bh6 Bxh6 25. Qxh6 Nf6 26. Qd2 Bd7 27. f4 Ra2
1/2-1/2

[Event "V Open FIDE"]
[Site "Forli' ITA"]
[Date "1992.09.??"]
[Round "5"]
[White "Scotto, Marco"]
[Black "Stavru, Alessandro"]
[WhiteElo "2290"]
[BlackElo "2235"]
[Result "1/2-1/2"]
[PlyCount "31"]
[EventDate "1992.09.12"]

1. e4 c5 2. Nf3 d6 3. d4 cxd4 4. Nxd4 Nf6 5. Nc3 a6 6. a4 e5 7. Nf3 Qc7 8. Bg5
Nbd7 9. Be2 b6 10. O-O Bb7 11. Nd5 Bxd5 12. exd5 g6 13. c4 Bg7 14. Qc1 O-O 15.
Ra3 a5 16. Bh6 1/2-1/2

[Event "V Open FIDE"]
[Site "Forli' ITA"]
[Date "1992.09.??"]
[Round "5"]
[White "Thorhallsson, Throstur"]
[Black "Gallagher, Joseph G."]
[WhiteElo "2445"]
[BlackElo "2510"]
[Result "1/2-1/2"]
[PlyCount "51"]
[EventDate "1992.09.12"]

1. e4 c5 2. Nf3 d6 3. d4 cxd4 4. Nxd4 Nf6 5. Nc3 a6 6. Be3 Ng4 7. Bg5 h6 8. Bh4
g5 9. Bg3 Bg7 10. h3 Ne5 11. Be2 Nbc6 12. Nf5 Bxf5 13. exf5 Nd4 14. Bd3 Nxd3+
15. Qxd3 Qa5 16. f6 Bxf6 17. O-O Rc8 18. Rae1 Rxc3 19. bxc3 Ne6 20. Qf3 Qxc3
21. Qxb7 O-O 22. Qxa6 Nd4 23. Qd3 Qxd3 24. cxd3 Ra8 25. f4 Rxa2 26. fxg5
1/2-1/2

[Event "V Open FIDE"]
[Site "Forli' ITA"]
[Date "1992.09.??"]
[Round "5"]
[White "Valenti, Giuseppe"]
[Black "Pieri, Filippo"]
[WhiteElo "2265"]
[BlackElo "2235"]
[Result "0-1"]
[PlyCount "112"]
[EventDate "1992.09.12"]

1. e4 c5 2. Nf3 d6 3. d4 cxd4 4. Qxd4 Nc6 5. Bb5 Bd7 6. Bxc6 Bxc6 7. c4 Nf6 8.
Nc3 g6 9. O-O Bg7 10. Bg5 O-O 11. Qe3 Rc8 12. h3 a6 13. e5 dxe5 14. Nxe5 Qa5
15. Rfe1 e6 16. a3 Nd7 17. Nxd7 Bxd7 18. Be7 Rfe8 19. Bb4 Qh5 20. Ne4 Rxc4 21.
Nd6 Bh6 22. Qd3 Rcc8 23. Ne4 Bb5 24. Nf6+ Kh8 25. Qg3 Qf5 26. Nxe8 Bxe8 27.
Bc3+ Kg8 28. Qe5 Qxe5 29. Bxe5 Bg7 30. Bxg7 Kxg7 31. Rac1 Rxc1 32. Rxc1 Bc6 33.
Rc3 Kf6 34. f3 Ke5 35. Kf2 h5 36. Ke3 g5 37. b4 h4 38. Rc5+ Bd5 39. a4 f6 40.
a5 Kf5 41. Kd4 Kf4 42. Rc2 Kg3 43. Rc3 Kf4 44. Rc2 Kg3 45. Ke3 Bc6 46. Kd4 Bd5
47. Kc5 f5 48. b5 axb5 49. Kxb5 g4 50. hxg4 fxg4 51. fxg4 Kxg4 52. Kc5 Kg3 53.
Kd6 Bxg2 54. Kxe6 h3 55. Kd6 h2 56. Rc1 Kf2 0-1

[Event "V Open FIDE"]
[Site "Forli' ITA"]
[Date "1992.09.??"]
[Round "6"]
[White "Arduman, Can"]
[Black "Lagrotteria, Salvatore"]
[WhiteElo "2405"]
[BlackElo "2250"]
[Result "1-0"]
[PlyCount "77"]
[EventDate "1992.09.12"]

1. d4 Nf6 2. c4 g6 3. Nc3 Bg7 4. e4 d6 5. h3 O-O 6. Bg5 h6 7. Be3 e5 8. d5 c6
9. Qd2 Kh7 10. Bd3 cxd5 11. cxd5 Bd7 12. f3 Nh5 13. Nge2 Na6 14. g4 Nf6 15.
O-O-O Qa5 16. Kb1 Nb4 17. Nc1 Nxd3 18. Nxd3 b5 19. Ne2 Qxd2 20. Bxd2 a5 21. a3
Ne8 22. f4 f5 23. exf5 gxf5 24. fxe5 dxe5 25. Nc5 Bc8 26. Bc3 fxg4 27. Ne6 Bxe6
28. dxe6 Rf6 29. e7 Ra7 30. hxg4 Rxe7 31. Bxa5 Rf2 32. Rde1 Rg2 33. g5 Rd7 34.
gxh6 Bxh6 35. Bc3 Kg6 36. Bxe5 Re7 37. Nf4+ Bxf4 38. Bxf4 Rf7 39. Rxe8 1-0

[Event "V Open FIDE"]
[Site "Forli' ITA"]
[Date "1992.09.??"]
[Round "6"]
[White "Bezzi, Massimo"]
[Black "Aurel, Luc"]
[WhiteElo "1900"]
[BlackElo "2225"]
[Result "1-0"]
[PlyCount "109"]
[EventDate "1992.09.12"]

1. e4 g6 2. d4 d6 3. Nc3 Bg7 4. Nf3 a6 5. a4 Nc6 6. Be3 Bg4 7. Be2 e5 8. d5
Nce7 9. Ng5 Bc8 10. f4 h6 11. Nf3 exf4 12. Bxf4 f5 13. e5 g5 14. exd6 cxd6 15.
Be3 Nf6 16. O-O O-O 17. a5 f4 18. Bb6 Qe8 19. Nd4 Ng6 20. Re1 Ne5 21. Ne6 Bxe6
22. dxe6 Qxe6 23. Ra4 Rac8 24. Rd4 Rc6 25. Kh1 Kh8 26. Bf3 Ne8 27. Bxc6 bxc6
28. Rd2 f3 29. Bd4 g4 30. gxf3 Rxf3 31. Rf2 Rxf2 32. Bxf2 Nf6 33. Qe2 Nh5 34.
Qe3 Qf5 35. Ne4 Nc4 36. Qe2 Nxb2 37. Nxd6 Qd5+ 38. Ne4 Nf6 39. Kg1 Nd7 40. Qxg4
Ne5 41. Qc8+ Kh7 42. Qf5+ Kh8 43. Rb1 Nec4 44. Qxd5 cxd5 45. Nc5 Nxa5 46. Nxa6
Nac4 47. Nc7 Na3 48. Rc1 Nbc4 49. c3 Ne5 50. Nxd5 Nac4 51. Kg2 Kg8 52. Bd4 Kf7
53. Rf1+ Ke6 54. Nf4+ Ke7 55. Ra1 1-0

[Event "V Open FIDE"]
[Site "Forli' ITA"]
[Date "1992.09.??"]
[Round "6"]
[White "Brancaleoni, Maurizio"]
[Black "Valenti, Giuseppe"]
[WhiteElo "2004"]
[BlackElo "2265"]
[Result "0-1"]
[PlyCount "74"]
[EventDate "1992.09.12"]

1. d4 Nf6 2. c4 e6 3. Nc3 Bb4 4. e3 c5 5. Nge2 b6 6. a3 Ba5 7. Rb1 Na6 8. Bd2
O-O 9. d5 d6 10. Ng3 Bxc3 11. Bxc3 exd5 12. cxd5 Nc7 13. Bxf6 Qxf6 14. Be2 Qe5
15. e4 f5 16. exf5 Bxf5 17. Nxf5 Rxf5 18. O-O Raf8 19. Bg4 Rf4 20. Re1 Qg5 21.
f3 Kh8 22. Be6 Rxf3 23. Qe2 R3f4 24. g3 h6 25. b4 c4 26. Rbc1 Nb5 27. Kh1 Rf2
28. Rf1 Rxe2 29. Rxf8+ Kh7 30. Bg8+ Kg6 31. Bf7+ Kf5 32. Rf1+ Ke4 33. Re8+ Kd3
34. Rc8 Nd4 35. Rf8 Qd2 36. Bg6+ Kc3 37. R8f3+ Nxf3 0-1

[Event "V Open FIDE"]
[Site "Forli' ITA"]
[Date "1992.09.??"]
[Round "6"]
[White "Caruso, Augusto"]
[Black "Mednis, Edmar John"]
[WhiteElo "2235"]
[BlackElo "2460"]
[Result "0-1"]
[PlyCount "58"]
[EventDate "1992.09.12"]

1. e4 c5 2. Nf3 Nc6 3. d4 cxd4 4. Nxd4 Nf6 5. Nc3 d6 6. Bc4 e6 7. Be3 Be7 8.
Qe2 O-O 9. O-O-O a6 10. f4 Qc7 11. Bb3 Nxd4 12. Rxd4 Nd7 13. g4 Nc5 14. g5 f5
15. Kb1 b5 16. Rg1 Rb8 17. exf5 Rxf5 18. Nd1 a5 19. a3 Nxb3 20. cxb3 e5 21.
fxe5 Rxe5 22. h4 Be6 23. Qd2 b4 24. a4 Bxb3 25. Bf4 Rc5 26. Bxd6 Bxd6 27. Rxd6
Rc1+ 28. Qxc1 Qxd6 29. Ne3 Qd3+ 0-1